000 00800nam a2200205Ia 4500
005 20260121110020.0
008 008 260114s9999 xx 000 0 hin d
020 _a9788132358763
037 _aEBOOK
040 _aCRL
_bhin
_cCRL
041 _ahin
_2hin
084 _qCRL
100 _aकृष्ण मिश्रा / Krishna Mishra
_9940999
245 0 _aइकोलॉजी: जीव व पर्यावरण के पारस्परिक सम्बन्धा का विश्लेषण / Ecology: Jeev aur Paryavaran ke Parasparik Sambandh ka Vishleshan
260 _bभाषा प्रकाशन / Bhasha Prakashan
_c2021
856 _uhttps://bhashaprakashan.com/product-details/382387
942 _cEBOOK
999 _c1532664
_d1532664